<?xml version="1.0" encoding="UTF-8"?>
<record
    xmlns:xsi="http://www.w3.org/2001/XMLSchema-instance"
    xsi:schemaLocation="http://www.loc.gov/MARC21/slim http://www.loc.gov/standards/marcxml/schema/MARC21slim.xsd"
    xmlns="http://www.loc.gov/MARC21/slim">

  <leader>04137nam a2200361uu 4500</leader>
  <controlfield tag="001">1385250</controlfield>
  <controlfield tag="005">20260508085628.0</controlfield>
  <controlfield tag="008">140912s2014                        spa  </controlfield>
  <datafield tag="020" ind1=" " ind2=" ">
    <subfield code="a">9788498357752</subfield>
  </datafield>
  <datafield tag="035" ind1=" " ind2=" ">
    <subfield code="a">1385250</subfield>
  </datafield>
  <datafield tag="040" ind1=" " ind2=" ">
    <subfield code="c">comduadb</subfield>
  </datafield>
  <datafield tag="041" ind1=" " ind2=" ">
    <subfield code="a">spa</subfield>
  </datafield>
  <datafield tag="080" ind1=" " ind2=" ">
    <subfield code="a">WS</subfield>
  </datafield>
  <datafield tag="100" ind1="1" ind2="0">
    <subfield code="a">P&#xE9;rez P&#xE9;rez, Isabel</subfield>
    <subfield code="4">aut</subfield>
    <subfield code="e">aut</subfield>
    <subfield code="9">604616</subfield>
  </datafield>
  <datafield tag="245" ind1="1" ind2="0">
    <subfield code="a">Pediatr&#xED;a en atenci&#xF3;n primaria de la salud : un abordaje multidisciplinar</subfield>
  </datafield>
  <datafield tag="260" ind1=" " ind2=" ">
    <subfield code="a">Madrid :</subfield>
    <subfield code="b">Editorial M&#xE9;dica Panamericana,</subfield>
    <subfield code="c">2014.</subfield>
  </datafield>
  <datafield tag="300" ind1=" " ind2=" ">
    <subfield code="a">xv, 257 p.</subfield>
  </datafield>
  <datafield tag="505" ind1=" " ind2=" ">
    <subfield code="a">CONTENIDO : Perspectiva antropol&#xF3;gica de la atenci&#xF3;n a la infancia. -- Epidemiologia y pediatr&#xED;a. -- La investigaci&#xF3;n pedi&#xE1;trica en la atenci&#xF3;n primaria. -- La gesti&#xF3;n de la consulta pedi&#xE1;trica desde la perspectiva multidisciplinar. -- Control del crecimiento y desarrollo f&#xED;sico en la edad pedi&#xE1;trica. -- Cribado genitourinario. -- Cribado otorrino laringol&#xF3;gico. -- Cribado oftalmol&#xF3;gico. -- Cribado odontol&#xF3;gico. -- Cribado del lenguaje. -- Cribado de la alteraci&#xF3;n del sue&#xF1;o -- Cribado del maltrato y del abuso sexual -- Vacunaciones sistem&#xE1;ticas en la edad pedi&#xE1;trica. -- Fiebre y enfermedades infecciosas. -- Trastornos gastrointestinales. -- Dolor, llanto e irritabilidad. -- Alteraciones dermatol&#xF3;gicas : dermatitis, infecciones, pediculosis y otros par&#xE1;sitos. -- Accidentes : contusiones, heridas, quemaduras, intoxicaciones y picadura de insectos y otros animales. -- La obesidad: control y seguimiento. -- El asma: control y seguimiento. -- La diabetes: control y seguimiento. -- Intolerancias y alergias alimentarias. -- La alimentaci&#xF3;n del neonato y lactante. -- La alimentaci&#xF3;n en la etapa infantil. -- El desarrollo psicomotor en los dos primeros a&#xF1;os. Condiciones para el bienestar. -- Abordaje psicoeducativo del ni&#xF1;o con c&#xE1;ncer y de su familia. -- La educaci&#xF3;n en valores: apoyo a la familia. -- El entorno psicosocial y el ni&#xF1;o.</subfield>
  </datafield>
  <datafield tag="520" ind1="3" ind2=" ">
    <subfield code="a">La mejora de la salud infantil ha sido uno de los grandes logros de las &#xFA;ltimas d&#xE9;cadas, pero a&#xFA;n quedan grandes obst&#xE1;culos para alcanzar el objetivo de reducir la mortalidad infantil. Para promover intervenciones m&#xE1;s eficaces, es necesario un abordaje multidisciplinar que no se limite a la descripci&#xF3;n de las patolog&#xED;as y los tratamientos, sino que contemple la salud infantil en general, implicando y responsabilizando en este proceso al propio ni&#xF1;o y a su familia. Este texto est&#xE1; estructurado en seis secciones que abarcan los siguientes puntos: Los aspectos generales del cuidado del ni&#xF1;o, como la antropolog&#xED;a, la epidemiolog&#xED;a, la investigaci&#xF3;n y la gesti&#xF3;n de la consulta pedi&#xE1;trica. Los cribados que deben realizarse para obtener un &#xF3;ptimo desarrollo f&#xED;sico del ni&#xF1;o, as&#xED; como las vacunas necesarias en cada una de las edades pedi&#xE1;tricas. Los motivos de consulta m&#xE1;s frecuentes en atenci&#xF3;n primaria. El control y seguimiento de las patolog&#xED;as cr&#xF3;nicas m&#xE1;s prevalentes, como la obesidad, el asma, la diabetes e intolerancias y alergias alimentarias. La promoci&#xF3;n de la salud del ni&#xF1;o desde la alimentaci&#xF3;n y el desarrollo psicomotor Los nuevos retos a los que se debe enfrentar la atenci&#xF3;n primaria, como la educaci&#xF3;n en valores, el entorno psicosocial del ni&#xF1;o, y la atenci&#xF3;n psicoeducativa del ni&#xF1;o con c&#xE1;ncer. Elaborado con vocaci&#xF3;n formativa, cada cap&#xED;tulo contiene objetivos de aprendizaje y preguntas de autoevaluaci&#xF3;n. Dirigida a aquellos profesionales de la salud que est&#xE1;n en contacto con los ni&#xF1;os, tambi&#xE9;n ser&#xE1; &#xFA;til para la formaci&#xF3;n de los futuros profesionales de la salud.</subfield>
  </datafield>
  <datafield tag="650" ind1=" " ind2="7">
    <subfield code="a">Enfermer&#xED;a pedi&#xE1;trica</subfield>
    <subfield code="2">dcs</subfield>
    <subfield code="9">21497</subfield>
  </datafield>
  <datafield tag="650" ind1=" " ind2="7">
    <subfield code="a">Pediatr&#xED;a</subfield>
    <subfield code="2">dcs</subfield>
    <subfield code="9">198471</subfield>
  </datafield>
  <datafield tag="650" ind1=" " ind2=" ">
    <subfield code="a">Atenci&#xF3;n primaria de salud</subfield>
    <subfield code="9">121350</subfield>
  </datafield>
  <datafield tag="650" ind1=" " ind2=" ">
    <subfield code="a">Asma en ni&#xF1;os</subfield>
    <subfield code="9">25942</subfield>
  </datafield>
  <datafield tag="650" ind1=" " ind2=" ">
    <subfield code="a">Diabetes mellitus en ni&#xF1;os</subfield>
    <subfield code="9">53109</subfield>
  </datafield>
  <datafield tag="650" ind1=" " ind2=" ">
    <subfield code="a">Desarrollo psicomotor</subfield>
    <subfield code="9">28888</subfield>
  </datafield>
  <datafield tag="650" ind1=" " ind2=" ">
    <subfield code="a">Obesidad infantil</subfield>
    <subfield code="9">27411</subfield>
  </datafield>
  <datafield tag="650" ind1=" " ind2=" ">
    <subfield code="a">Accidentes en ni&#xF1;os</subfield>
    <subfield code="9">17004</subfield>
  </datafield>
  <datafield tag="650" ind1=" " ind2=" ">
    <subfield code="a">Neoplasias en ni&#xF1;os</subfield>
    <subfield code="9">47553</subfield>
  </datafield>
  <datafield tag="650" ind1=" " ind2=" ">
    <subfield code="a">Cribado</subfield>
    <subfield code="9">21052</subfield>
  </datafield>
  <datafield tag="700" ind1="1" ind2="0">
    <subfield code="a">Lamoglia Puig, Montserrat</subfield>
    <subfield code="4">aut</subfield>
    <subfield code="e">aut</subfield>
    <subfield code="9">649941</subfield>
  </datafield>
  <datafield tag="700" ind1="1" ind2="0">
    <subfield code="a">Godall Castell, Maria</subfield>
    <subfield code="4">aut</subfield>
    <subfield code="e">aut</subfield>
    <subfield code="9">379106</subfield>
  </datafield>
  <datafield tag="942" ind1=" " ind2=" ">
    <subfield code="c">BOOK</subfield>
  </datafield>
  <datafield tag="999" ind1=" " ind2=" ">
    <subfield code="c">697002</subfield>
    <subfield code="d">697002</subfield>
  </datafield>
  <datafield tag="952" ind1=" " ind2=" ">
    <subfield code="0">0</subfield>
    <subfield code="1">0</subfield>
    <subfield code="4">0</subfield>
    <subfield code="7">0</subfield>
    <subfield code="8">GENERAL</subfield>
    <subfield code="a">BE</subfield>
    <subfield code="b">BE</subfield>
    <subfield code="d">2014-09-12</subfield>
    <subfield code="e">Diego Pareja Villa</subfield>
    <subfield code="g">51000.00</subfield>
    <subfield code="i">C1212301</subfield>
    <subfield code="l">0</subfield>
    <subfield code="o">WS100 P4-14</subfield>
    <subfield code="p">01001511</subfield>
    <subfield code="r">2026-03-13 09:02:19</subfield>
    <subfield code="t">1</subfield>
    <subfield code="w">2023-05-03</subfield>
    <subfield code="y">BOOK</subfield>
  </datafield>
</record>
